Statistics for Countries and Capitals with silent 'H'

Click here to take the quiz!

General Stats

  • This quiz has been taken 31 times
  • The average score is 9 of 19

Answer Stats

Answer% Correct
Bhutan
87%
Ghana
74%
Thailand
74%
Afghanistan
70%
Kazakhstan
65%
Bahrain
61%
Thimphu
52%
Baghdad
48%
Dhaka
48%
Lesotho
48%
Phnom Penh
43%
Kathmandu
39%
New Delhi
39%
Tehran
39%
Bucharest
35%
Khartoum
26%
Abu Dhabi
22%
Honiara
22%
St John's
13%

Score Distribution

Percentile by Number Answered

Percent of People with Each Score

Your Score History

You have not taken this quiz